000
00341nam a2200145Ia 4500
008
191201s2009 xx 000 0 und d
082
_a
628
_b
SMI
100
_a
SMITH, JO
245
0
_a
Introduction to Environment Modelling
250
_a
Rep
260
_a
N. Delhi
_b
Oxford
_c
2009
300
_a
180
650
_a
B.Tech(CE)
942
_2
ddc
_c
BK
999
_c
5409
_d
5409